01010nam a2200229 i 4500001000300000245018000003250006100183260004100244300002600285490003900311500005700350504003600407650005200443700003400495830003900529020002800568040000800596041000700604080003000611008004100641856009800682bg00aKomentarz do kodeksu cywilnego.nKs.3.nT. 2,pZobowiązania /cGerard Bieniek [et al.] ; pod red. Gerarda Bieńka ; [poszczeg. cz. Komentarza oprac. Gerard Bieniek et al.]. aWyd. 3 zm. wg stanu prawnego na dzień 15 marca 2001 r. aWarszawa :bWydaw. Prawnicze,c2001. a771, [1] s. ;c25 cm.1 aKomentarze Wydawnictwa Prawniczego aAut. ks. 1: Stanisław Dmowski, Stanisław Rudnicki. aBibliogr. przy rozdz. - Indeks. 9aPrawo zobowiązaniowezPolskaystan na 2001 r.1 aBIENIEK, Gerardd(1941-2011). aKomentarze Wydawnictwa Prawniczego a8388296620 (ks. 3 t. 2) cBPK0 apl a347.41/.43(438)(094.4.07) s pl f |000 0 pol  uhttp://koha.tu.koszalin.pl/cgi-bin/koha/opac-detail.pl?biblionumber=39723yKatalog online BPK